000 01371cam a2200373 i 4500
001 28460
003 Mx-PuUPA
005 20240124154247.0
008 140415s1994 mx gr 000 0 spa d
020 _a9687318147
040 _cMx-PuUPA
_aMx-PuUPA
_bspa
_dMx-PuUPA
_erda
041 0 _aspa
245 0 0 _aModernidad, mestizaje cultural, ethos barroco /
_cBolívar Echeverría, compilador
264 1 _aMéxico, D. F. :
_bUniversidad Nacional Autónoma de México,
_c©1994
300 _a393 páginas ;
_c22 cm
336 _2rdacontent
_atexto
_btxt
337 _2rdamedia
_asin medio
_bn
338 _2rdacarrier
_avolumen
_bnc
490 0 _aUNAM / El equilibrista
500 _aEl ítem 62941 presenta rayaduras a lo largo del texto.
650 7 _2armarc
_aMestizaje
_zAmérica Latina
_xCongresos
650 7 _2armarc
_aMestizaje
_zMéxico
_xCongresos
650 7 _2armarc
_aCivilización barroca
_xCongresos
650 7 _2armarc
_aModernidad
650 7 _2armarc
_aArte barroco
_zLatinoamérica
651 4 _aAmérica Latina
_xCivilización
_xCongresos
651 4 _aAmérica Latina
_xParticiàción cultural
700 1 _aEcheverría, Bolívar,
_ecompilador
942 _2ddc
_cLI
_h306.845098
_iM68
999 _c28460
_d28460